MoSi2 Coating on Molybdenum substrate by Pack Cementation Mehtod / (Record no. 534460)

000 -LEADER
fixed length control field 00582nam a22001697a 4500
020 ## - INTERNATIONAL STANDARD BOOK NUMBER
Qualifying information Hard Cover.
082 ## - DEWEY DECIMAL CLASSIFICATION NUMBER
Classification number 200
100 ## - MAIN ENTRY--PERSONAL NAME
Personal name Zafar, Fahad
245 ## - TITLE STATEMENT
Title MoSi2 Coating on Molybdenum substrate by Pack Cementation Mehtod /
Remainder of title Fahad Zafar
260 ## - PUBLICATION, DISTRIBUTION, ETC.
Place of publication, distribution, etc. Islamabad :
Name of publisher, distributor, etc. SCME - NUST,
Date of publication, distribution, etc. 2014.
300 ## - PHYSICAL DESCRIPTION
Extent xii, 47 p. ill. ;
Dimensions 30cm.
650 ## - SUBJECT ADDED ENTRY--TOPICAL TERM
Topical term or geographic name entry element MS-Materials Engineering.
700 ## - ADDED ENTRY--PERSONAL NAME
Personal name Supervisor: Dr. Muhammad Mujahid.
856 ## - Uniform Resource Identifier
Uniform Resource Identifier <a href="http://10.250.8.41:8080/xmlui/handle/123456789/20225">http://10.250.8.41:8080/xmlui/handle/123456789/20225</a>
942 ## - ADDED ENTRY ELEMENTS (KOHA)
Source of classification or shelving scheme
Koha item type Soft Copy
650 ## - SUBJECT ADDED ENTRY--TOPICAL TERM
-- 129142
700 ## - ADDED ENTRY--PERSONAL NAME
-- 123496
Holdings
Withdrawn status Lost status Source of classification or shelving scheme Damaged status Not for loan Permanent Location Current Location Shelving location Date acquired Full call number Barcode Date last seen Price effective from Koha item type
          Central Library (CL) Central Library (CL) Thesis 02/25/2020 200 CL-T-5208 02/25/2020 02/25/2020 Soft Copy
          Central Library (CL) Central Library (CL) Thesis 03/10/2020 200 CL-T-5365 03/10/2020 03/10/2020 Soft Copy
© 2023 Central Library, National University of Sciences and Technology. All Rights Reserved.